Find Five: Sports Teams Quiz Stats

 Plays Quiz Updated Apr 16, 2018

Also try: Find Five: Animals
Challenge
Share
Tweet
Embed
Score 0/50 Timer 05:00
25 Plays Today
% Correct
New England Patriots
90.7%
Chicago Bears
90.7%
Tampa Bay Buccaneers
86%
Houston Texans
85.6%
Cleveland Cavaliers
85%
Tennessee Titans
83.5%
Los Angeles Dodgers
82.2%
Dallas Mavericks
82%
Minnesota Timberwolves
81.8%
New York Mets
81.5%
Toronto Blue Jays
80.7%
Utah Jazz
79.8%
Colorado Avalanche
77.8%
New Orleans Pelicans
77.6%
New Jersey Devils
76.5%
Los Angeles Kings
76.3%
Ottawa Senators
76.1%
Washington Nationals
75.9%
Detroit Tigers
75.4%
Winnipeg Jets
73.6%
Real Madrid
71%
Delhi Daredevils
67.6%
Napoli
67.7%
Athletic Bilbao
66.2%
Juventus
65.9%
% Correct
Deportivo La Coruña
63.9%
Internazionale
63%
Valencia
61.5%
Kolkata Knight Riders
60.8%
Sydney Swans
57.7%
Royal Challengers Bangalore
57.5%
Leicester Tigers
56.8%
Sampdoria
56.8%
Las Palmas
56.2%
Newcastle Falcons
55.1%
Sunrisers Hyderabad
49.7%
Rising Pune Supergiants
49.3%
Exeter Chiefs
47.6%
Udinese
46.2%
Collingwood Magpies
45.9%
Fremantle Dockers
41.4%
Brumbies
41.1%
Hawthorn Hawks
40.8%
Western Bulldogs
40.4%
Crusaders
35.7%
Stormers
34.2%
Sunwolves
29.7%
Jaguares
26.7%
Sale Sharks
25.2%
Wasps
23.7%

You're not logged in!

Compare scores with friends on all Sporcle quizzes.
Join for Free
OR
Log In

You Might Also Like...

Show Comments

Extras

Top Quizzes Today


Score Distribution

Your Account Isn't Verified!

In order to create a playlist on Sporcle, you need to verify the email address you used during registration. Go to your Sporcle Settings to finish the process.

Report this User

Report this user for behavior that violates our Community Guidelines.

Details: